Hero Too - My Hero Academia (Lyrics) - Statistiques

Statistiques générales
  • Ce quiz a été pris 170 fois
  • Le résultat moyen est 176 sur 338
Statistiques - réponses
Lyrics % Correct
a
86%
I
86%
Hero
83%
hero
83%
to
83%
To
83%
my
73%
My
73%
is
65%
be
64%
too
64%
The
63%
the
63%
am
61%
Am
61%
me
61%
you
61%
do
60%
and
59%
So
58%
so
58%
What
58%
what
58%
Who
56%
back
55%
on
55%
heart
54%
make
54%
go
53%
no
51%
all
48%
down
48%
for
48%
It
48%
life
48%
they
47%
They
47%
up
47%
dream
45%
one
45%
see
45%
won't
45%
calling
44%
doesn't
44%
in
44%
True
44%
heroes
43%
Heroes
43%
smile
43%
have
42%
set
42%
try
42%
don't
41%
ready
41%
I'm
40%
believe
39%
let
39%
wait
39%
gave
38%
Gave
38%
never
38%
stand
38%
Strength
38%
strength
38%
giving
37%
Yeah
37%
follow
36%
it's
36%
some
36%
think
36%
will
36%
your
36%
depends
35%
power
35%
that
34%
find
33%
I've
33%
know
33%
not
33%
Now
33%
Oh
33%
People
33%
right
33%
survive
33%
everyday
32%
live
32%
Something
32%
Tried
32%
tried
32%
wanna
32%
could
31%
like
30%
makes
30%
many
30%
met
30%
music
30%
turn
30%
unseen
30%
courage
29%
doing
29%
left
29%
Put
29%
at
28%
I'll
28%
less
28%
listen
28%
reason
28%
satisfied
28%
care
27%
dreams
27%
hold
27%
judge
27%
meant
27%
might
27%
say
27%
look
26%
futures
25%
of
25%
way
24%
count
23%
going
23%
line
23%
out
23%
own
23%
may
22%
dumb
20%
sent
3%
Aucun quiz correspondant
Distribution des résultats
% des personnes avec chaque résultat
Percentile par nombre de réponses
Votre historique - résultats
Vous n’avez pas pris ce quiz